IRRDB symposium on physiological and molecular aspects of the breeding of Hevea brasiliensis 6-7 November 1995 (Record no. 43796)

MARC details
000 -LEADER
fixed length control field 00782nam a2200253Ia 4500
082 ## - DEWEY DECIMAL CLASSIFICATION NUMBER
Classification number NR:063IR`1995'
Item number IRR
245 #0 - TITLE STATEMENT
Title IRRDB symposium on physiological and molecular aspects of the breeding of Hevea brasiliensis 6-7 November 1995
260 ## - PUBLICATION, DISTRIBUTION, ETC. (IMPRINT)
Place of publication England
Name of publisher IRRDB
Year of publication 1995
650 ## - SUBJECT ADDED ENTRY--TOPICAL TERM
Topical Term Clone identification
650 ## - SUBJECT ADDED ENTRY--TOPICAL TERM
Topical Term Electrophoresis
650 ## - SUBJECT ADDED ENTRY--TOPICAL TERM
Topical Term Ethrel
650 ## - SUBJECT ADDED ENTRY--TOPICAL TERM
Topical Term Hevea breeding
650 ## - SUBJECT ADDED ENTRY--TOPICAL TERM
Topical Term Hevea crop improvement
650 ## - SUBJECT ADDED ENTRY--TOPICAL TERM
Topical Term Hevea genetic transformation
650 ## - SUBJECT ADDED ENTRY--TOPICAL TERM
Topical Term Hevea genome mapping
650 ## - SUBJECT ADDED ENTRY--TOPICAL TERM
Topical Term Hevea germplasm conservation
650 ## - SUBJECT ADDED ENTRY--TOPICAL TERM
Topical Term Isozymes
650 ## - SUBJECT ADDED ENTRY--TOPICAL TERM
Topical Term Latex physiology
650 ## - SUBJECT ADDED ENTRY--TOPICAL TERM
Topical Term Molecular markers
650 ## - SUBJECT ADDED ENTRY--TOPICAL TERM
Topical Term Tapping stimulation
650 ## - SUBJECT ADDED ENTRY--TOPICAL TERM
Topical Term Vietnam rubber clones
942 ## - ADDED ENTRY ELEMENTS (KOHA)
Koha item type Books
Holdings
Withdrawn status Lost status Damaged status Not for loan Home library Current library Date acquired Source of acquisition Full call number Accession Number Koha item type
        RRII Library RRII Library 16/12/2021 Gift NR:063IR`1995' IRR G00548 Books